1521 1273 1659 1450 1850 1910 1378 1282 1729 1951 1240 1354 1196 1882 1267 1486 1531 1696 1055 1695 1027 1893 1643 1031 1022 1414 1868 1901 1060 1579 1332 1116 1825 1053 1959 1786 1353 1392 1852 1367 1405 1137 1548 1337 1821 1937 1982 1017 1866 1687 1820 1811 1150 1168 1626 1877 1316 1303 1052 1473 1558 1026 1463 1346 1114 1153 1505 1107 1165 1658 1811 1822 1548 1991 1767 1474 1874 1863 1545 1665 1242 1594 1781 1403 1977 1738 1595 1915 1685 1744 1369 1776 1719 1579 1847 1923 1061 1837 1217 BCNSPRNW ULIB Ver.6.0+V

เปลี่ยนเป็นภาษาไทย

Change to English
 แสดงรายละเอียดบรรณานุกรม
  กลับหน้าหลัก

Brief Record : Get Marc (ISO 2709) : E-mail record : QR code < ปิดหน้าต่าง
LEADER : 00000nam 2200000uu 4500
001    13399128919
003     ULIB
008    241030s2024||||th 000 0 tha d
020    ^a9780443118906
060 04 ^aQV39^bM894
245 00 ^aMosby s 2024 nursing drug reference /^cLinda Skidmore-Roth
250    ^a37th ed.
260    ^aSt. Louis :^bMosby s, Elsevier^c2024
300    ^ax, 1501, [5] p. ;^bill., ^c19 cm
504    ^aIncludes index
650  2 ^aPharmaceutical Preparations^xadministration & dosage
650  2 ^aDrugs^vhandbooks
700 1  ^aSkidmore-Roth, Linda,^econsultant
945    ^p1377^l0^i011167
999    ^aประนอม เกษจรัล
รายการนี้ยังไม่มีแท็ก
คุณยังไม่ได้ล็อกอิน คุณสามารถมีกิจกรรมร่วมกับเว็บไซต์ได้ แต่ต้องล็อกอินก่อน ::
  ล็อกอิน

รายการสื่อสารสนเทศ

ลำดับที่ ประเภท เลขเรียก/บาร์โค้ด สถานที่ สถานะ
1. วิทยาศาสตร์การแพทย์ และสุขภาพ
หนังสือสำรอง
สถานะ=หนังสือสำรอง
QV39 M894 ฉ.1 
  Barcode: 011167
ห้องสมุดวิทยาเขตสวรรค์ประชารักษ์
►หนังสือทั่วไป
บนชั้น

รายการใกล้เคียง
    หัวเรื่อง [Pharmaceutical Preparations administration & dosage]

BibComment


ยังไม่เคยถูกคอมเมนท์

คอมเมนท์ทรัพยากรรายการนี้
  คอมเมนท์: Mosby s 2024 nur..


 Copyright 2026. Bcnsprnw @Library